The sleeping beauty, (Record no. 16782)

MARC details
000 -LEADER
fixed length control field 00677cam a22002291 4500
001 - CONTROL NUMBER
control field ca 31000258
003 - CONTROL NUMBER IDENTIFIER
control field DLC
005 - DATE AND TIME OF LATEST TRANSACTION
control field 20260227111124.0
008 - FIXED-LENGTH DATA ELEMENTS--GENERAL INFORMATION
fixed length control field 881206s1931 nyu 000 0 eng
010 ## - LIBRARY OF CONGRESS CONTROL NUMBER
LC control number ca 31000258
035 ## - SYSTEM CONTROL NUMBER
System control number (OCoLC)18844500
040 ## - CATALOGING SOURCE
Original cataloging agency DLC
Transcribing agency RPB
Modifying agency DLC
042 ## - AUTHENTICATION CODE
Authentication code premarc
050 00 - LIBRARY OF CONGRESS CALL NUMBER
Classification number PS3505.L79
Item number S6 1931
082 ## - DEWEY DECIMAL CLASSIFICATION NUMBER
Classification number 812.5
100 1# - MAIN ENTRY--PERSONAL NAME
Personal name Clifford, Margaret Ellen.
245 14 - TITLE STATEMENT
Title The sleeping beauty,
Remainder of title a fairy tale retold in one act,
Statement of responsibility, etc. by Margaret Ellen Clifford ...
260 ## - PUBLICATION, DISTRIBUTION, ETC.
Place of publication, distribution, etc. New York,
Name of publisher, distributor, etc. Longmans, Green and Co.,
Date of publication, distribution, etc. 1931.
300 ## - PHYSICAL DESCRIPTION
Extent 2 p. l., 41 p. incl. front.
Dimensions 19 cm.
490 0# - SERIES STATEMENT
Series statement Longmans' play series
500 ## - GENERAL NOTE
General note "First edition."

No items available.

Powered by Koha